Forma y simetría : una sistemática de los cuerpos simétricos /
Estudio sobre el sistema de los cuerpos simétricos, así como su aplicación en las formas simétricas manisfestadas en la naturaleza del reino celular, animal y humano.
Sparad:
| Huvudupphov: | |
|---|---|
| Övriga upphov: | , , |
| Materialtyp: | Bok |
| Språk: | spanska |
| Utgiven: |
Buenos Aires, Argentina :
EUDEBA,
1959, c1959
|
| Ämnen: | |
| Taggar: |
Inga taggar, Lägg till första taggen!
|
MARC
| LEADER | 00000nam^a2200000^a^4500 | ||
|---|---|---|---|
| 001 | 000001052 | ||
| 005 | 20250521000000.0 | ||
| 009 | 20260310083052.507 | ||
| 037 | |a Acervo ITESO - Biblioteca | ||
| 041 | |a ESP | ||
| 082 | |a 516. 1 |b WOL | ||
| 100 | |a Wolf, K.L. |e (autor) | ||
| 245 | 1 | 0 | |a Forma y simetría : |b una sistemática de los cuerpos simétricos / |c K.L. Wolf, D. Kuhn ; tr. por R. Leisse de Mertig, M.H. Gradowczyk. |
| 264 | 4 | |a Buenos Aires, Argentina : |b EUDEBA, |c 1959, c1959 | |
| 300 | |a 59 p. | ||
| 336 | |a texto |b txt |2 rdacontenido | ||
| 337 | |a sin mediación |b n |2 rdamedio | ||
| 338 | |a volumen |b nc |2 rdasoporte | ||
| 500 | |a Traducción de: Gestalt und Symmetrie. Eine Systematik der Symmetrischen Körper | ||
| 520 | |a Estudio sobre el sistema de los cuerpos simétricos, así como su aplicación en las formas simétricas manisfestadas en la naturaleza del reino celular, animal y humano. | ||
| 649 | |a XX | ||
| 650 | |a Simetría (Matemáticas) | ||
| 650 | |a Simetría - |x Tema Principal | ||
| 650 | |a Geometría | ||
| 650 | |a Biología | ||
| 650 | |a Ciencias Naturales | ||
| 650 | |a Matemáticas | ||
| 700 | |a Kuhn, D. |e (autor) | ||
| 700 | |a Leisse de Mertig, Renate |e (traducción) | ||
| 700 | |a Gradowczyk, Mario H. |e (traducción) | ||
| 910 | |a Fondo General | ||
| 920 | |a Impresos - Libros | ||
| 930 | |a Colección General | ||
| 905 | |a 101 | ||
| 901 | |a 0010520100 |b IT1 |c ACC |i 001052 |u 20250521 | ||
| 902 | |a https://opac.biblio.iteso.mx/vufind/Record/000001052 | ||